| 000 | 00489nam a2200169 i 4500 | ||
|---|---|---|---|
| 001 | 49863 | ||
| 003 | ES-MaACL | ||
| 005 | 20230906162057.0 | ||
| 007 | t| | ||
| 008 | 030724s1972 ag ||||1| spa d | ||
| 100 | 1 |
_aCraig, John. _941427 |
|
| 245 | 1 | 0 |
_aIntrigas paralelas / _cJohn Craig ; [traducción de Aurora C. de Merlo]. |
| 260 |
_a[Buenos Aires] : _bEmecé, _c[1972] |
||
| 300 |
_a245 p. ; _c19 cm. |
||
| 700 | 1 |
_aMerlo, Aurora C. de. _980580 |
|
| 852 |
_aES-MaACL _jA-7251 _bR.96371 |
||
| 999 |
_c49863 _d49863 |
||